| 000 | 00348nam a2200133Ia 4500 | ||
|---|---|---|---|
| 008 | 240624s9999 xx 000 0 und d | ||
| 041 | _aeng | ||
| 082 | _a658.4092 HAN | ||
| 100 | _aHANNA DAVID P | ||
| 245 | _aLEADERSHIP FOR THE AGES DELIVERING TODAY | ||
| 260 |
_c2007 _aMumbai _bJaico Publishing House |
||
| 300 | _a335 p.; 23 cm. | ||
| 365 | _cRS | ||
| 999 |
_c29422 _d29422 |
||